00448cam a2200169ua 450000100060000000800390000602000180004504000090006304100080007208200100008010000280009024500460011825000120016426000440017630000100022065300480023011388190917n ii |||gr||||Z||||||eng a9789383181766 cMAIN aeng a361.3 aKalpana Menon,eAuthor. aTextbook of social workcBy Kalpana Menon a1st ed. aNew Delhi:bGlobal publications,c2018. a216p. aSocial problems & social welfare in general